000 00672cam a2200241 a 4500
001 13718767
005 20180827072457.0
008 040914s2006 maua bf 001 0 eng
010 _a 2004113506
020 _a0618474064
040 _aDLC
_cDLC
_dDLC
041 _aeng
043 _an-us---
080 _a370.973
082 0 0 _a370.973
_222
100 1 _a46
101 _aedu
245 1 0 _aFoundations of education /
_cAllan C. Ornstein, Daniel U. Levine.
504 _aIncludes bibliographical references and indexes.
906 _a7
_bcbc
_corignew
_d2
_eepcn
_f20
_gy-gencatlg
942 _2ddc
_cBK
999 _c47342
_d47342